000 00689nam a2200229 a 4500
001 52726
003 BD-RjUL
005 20211209075842.0
008 161017s1980 njua|||| b||| 001 0 eng d
020 _a0395306574
035 _a(BD-RjUL)52846
040 _aBD-RjUL
_beng
_cBD-RjUL
041 _aeng
082 _223
_a658.45
_bBUS 1980
245 _aBusiness communication /
_bLaJuana Williams Lee ...et all
260 _aHopewell, N.J. :
_bHoughton Mifflin Company,
_cc1980.
300 _axii, 467 p. :
_bill. ;
_c25 cm.
504 _aIncludes bibliography and index
650 _a Business communication.
_9157690
700 _aLee, LaJuana Williams
_9160058
942 _2ddc
_cBK
999 _c52726
_d52726